<?xml version="1.0" encoding="UTF-8"?>
<record
    xmlns:xsi="http://www.w3.org/2001/XMLSchema-instance"
    xsi:schemaLocation="http://www.loc.gov/MARC21/slim http://www.loc.gov/standards/marcxml/schema/MARC21slim.xsd"
    xmlns="http://www.loc.gov/MARC21/slim">

  <leader>01132nam a22002657a 4500</leader>
  <controlfield tag="005">20241122124838.0</controlfield>
  <datafield tag="010" ind1=" " ind2=" ">
    <subfield code="a">ENG--142318</subfield>
  </datafield>
  <datafield tag="020" ind1=" " ind2=" ">
    <subfield code="a">9788196053802</subfield>
    <subfield code="c">555.00</subfield>
  </datafield>
  <datafield tag="035" ind1=" " ind2=" ">
    <subfield code="a">EN-125850</subfield>
  </datafield>
  <datafield tag="037" ind1=" " ind2=" ">
    <subfield code="b">DBAD</subfield>
  </datafield>
  <datafield tag="082" ind1=" " ind2=" ">
    <subfield code="a">133.5</subfield>
  </datafield>
  <datafield tag="100" ind1=" " ind2=" ">
    <subfield code="a">Kandasubbu, P.</subfield>
    <subfield code="9">74042</subfield>
  </datafield>
  <datafield tag="245" ind1=" " ind2=" ">
    <subfield code="a">The Great Indian Astrology! Yes it is. The Science of Tamilan Art!:</subfield>
    <subfield code="b">Part1: The Science of Indian Astrology/</subfield>
    <subfield code="c">by P. Kandasubbu B.E.</subfield>
  </datafield>
  <datafield tag="250" ind1=" " ind2=" ">
    <subfield code="a">First</subfield>
  </datafield>
  <datafield tag="260" ind1=" " ind2=" ">
    <subfield code="a">Tamil Nadu</subfield>
    <subfield code="b">Manonmani Publications</subfield>
    <subfield code="c">2022</subfield>
  </datafield>
  <datafield tag="270" ind1=" " ind2=" ">
    <subfield code="a">Plot No. 29, V.G.P. Amudha Nagar, Maduravoyal</subfield>
    <subfield code="b">Tamil Nadu</subfield>
    <subfield code="m">p_kandasubbu@yahoo.com</subfield>
    <subfield code="m">scientificasto.chennai@gmail.com</subfield>
    <subfield code="e">600095</subfield>
    <subfield code="k">91-938109411</subfield>
    <subfield code="k">91-9841241575</subfield>
  </datafield>
  <datafield tag="300" ind1=" " ind2=" ">
    <subfield code="a">360pbk.</subfield>
    <subfield code="c">24cm(PB)</subfield>
  </datafield>
  <datafield tag="500" ind1=" " ind2=" ">
    <subfield code="a">Covers the latest CBSE and ICSE syllabi
Explains all concepts and formulae with appropriate figures and equations
provides chapter objectives 
</subfield>
  </datafield>
  <datafield tag="700" ind1=" " ind2=" ">
    <subfield code="a">Walter Fernandes</subfield>
    <subfield code="9">65511</subfield>
    <subfield code="e">Author</subfield>
  </datafield>
  <datafield tag="700" ind1=" " ind2=" ">
    <subfield code="a">Meenal Tula</subfield>
    <subfield code="e">Author</subfield>
    <subfield code="9">73210</subfield>
  </datafield>
  <datafield tag="700" ind1=" " ind2=" ">
    <subfield code="a">Vanlalpari</subfield>
    <subfield code="e">Author</subfield>
    <subfield code="9">73211</subfield>
  </datafield>
  <datafield tag="700" ind1=" " ind2=" ">
    <subfield code="a">C. Zonunmawia</subfield>
    <subfield code="e">Author</subfield>
    <subfield code="9">73212</subfield>
  </datafield>
  <datafield tag="700" ind1=" " ind2=" ">
    <subfield code="a">Lalhruaimawii</subfield>
    <subfield code="e">Author</subfield>
    <subfield code="9">73213</subfield>
  </datafield>
  <datafield tag="942" ind1=" " ind2=" ">
    <subfield code="2">ddc</subfield>
    <subfield code="c">EN</subfield>
    <subfield code="h">133.5</subfield>
    <subfield code="m">KAN</subfield>
  </datafield>
  <datafield tag="999" ind1=" " ind2=" ">
    <subfield code="c">206619</subfield>
    <subfield code="d">206619</subfield>
  </datafield>
  <datafield tag="952" ind1=" " ind2=" ">
    <subfield code="0">0</subfield>
    <subfield code="1">0</subfield>
    <subfield code="4">0</subfield>
    <subfield code="7">0</subfield>
    <subfield code="8">NFIC</subfield>
    <subfield code="a">BN</subfield>
    <subfield code="b">BN</subfield>
    <subfield code="d">2024-10-23</subfield>
    <subfield code="e">DBAD</subfield>
    <subfield code="g">555.00</subfield>
    <subfield code="l">0</subfield>
    <subfield code="o">133.5 KAN</subfield>
    <subfield code="p">EN-125850</subfield>
    <subfield code="r">2024-10-23 00:00:00</subfield>
    <subfield code="t">1</subfield>
    <subfield code="v">555.00</subfield>
    <subfield code="w">2024-10-23</subfield>
    <subfield code="y">EN</subfield>
  </datafield>
</record>
